| 000 | 00576nam a2200145 a 4500 | ||
|---|---|---|---|
| 001 | 000033447 | ||
| 005 | 20200930070250.0 | ||
| 008 | 110829s1933 gw a 000 0 spa d | ||
| 040 |
_aDO-SdBNP _bspa _cBNPHU |
||
| 041 | 1 |
_aspa _hger |
|
| 082 |
_axxx _bS594 |
||
| 245 | 0 | 0 |
_aSimón Bolívar : _bDiscursos pronunciados el día 19 de diciembre de 1932, en el Salón de Actos del Instituto Ibero-Americano de Berlín, con motivo de la solemne entrega del busto de Simón Bolívar. |
| 260 |
_aBerlín : _bInstituto Ibero-Americano de Berlín, _c1933. |
||
| 300 |
_a55 p. : _bil. ; _c23 cm. |
||
| 999 |
_c32938 _d32938 |
||